<?xml version="1.0" encoding="UTF-8"?>
<record
    xmlns:xsi="http://www.w3.org/2001/XMLSchema-instance"
    xsi:schemaLocation="http://www.loc.gov/MARC21/slim http://www.loc.gov/standards/marcxml/schema/MARC21slim.xsd"
    xmlns="http://www.loc.gov/MARC21/slim">

  <leader>00501nam a2200157Ia 4500</leader>
  <controlfield tag="003">IQ-KOUCL</controlfield>
  <datafield tag="041" ind1=" " ind2=" ">
    <subfield code="a">Arabic</subfield>
  </datafield>
  <datafield tag="082" ind1=" " ind2=" ">
    <subfield code="a">955,05 cut-494 &#x628;</subfield>
  </datafield>
  <datafield tag="100" ind1=" " ind2=" ">
    <subfield code="a">20260118u\\\\\\\\\\\y0engy0103\\\\ba</subfield>
  </datafield>
  <datafield tag="100" ind1=" " ind2=" ">
    <subfield code="a">&#x627;.&#x62F;.&#x62E;&#x636;&#x64A;&#x631; &#x627;&#x644;&#x628;&#x62F;&#x64A;&#x631;&#x64A;</subfield>
  </datafield>
  <datafield tag="245" ind1=" " ind2="0">
    <subfield code="a">&#x62A;&#x627;&#x631;&#x64A;&#x62E; &#x627;&#x644;&#x648;&#x632;&#x627;&#x631;&#x627;&#x62A; &#x627;&#x644;&#x627;&#x64A;&#x631;&#x627;&#x646;&#x64A;&#x629; &#x641;&#x64A; &#x627;&#x644;&#x639;&#x647;&#x62F; &#x627;&#x644;&#x642;&#x627;&#x62C;&#x627;&#x631;&#x64A; &#x661;&#x667;&#x669;&#x666; -  &#x661;&#x669;&#x662;&#x665;&#x627;&#x644;&#x62C;&#x632;&#x621; 1</subfield>
  </datafield>
  <datafield tag="250" ind1=" " ind2=" ">
    <subfield code="a">&#x637;1</subfield>
  </datafield>
  <datafield tag="260" ind1=" " ind2=" ">
    <subfield code="b">&#x627;&#x644;&#x639;&#x627;&#x631;&#x641; &#x644;&#x644;&#x645;&#x637;&#x628;&#x648;&#x639;&#x627;&#x62A;</subfield>
    <subfield code="a">&#x628;&#x64A;&#x631;&#x648;&#x62A; - &#x644;&#x628;&#x646;&#x627;&#x646;</subfield>
    <subfield code="c">2019</subfield>
  </datafield>
  <datafield tag="300" ind1=" " ind2=" ">
    <subfield code="a">284</subfield>
  </datafield>
  <datafield tag="942" ind1=" " ind2=" ">
    <subfield code="c">Bk</subfield>
  </datafield>
  <datafield tag="999" ind1=" " ind2=" ">
    <subfield code="c">187152</subfield>
    <subfield code="d">187152</subfield>
  </datafield>
  <datafield tag="952" ind1=" " ind2=" ">
    <subfield code="0">0</subfield>
    <subfield code="1">0</subfield>
    <subfield code="4">0</subfield>
    <subfield code="7">0</subfield>
    <subfield code="8">950 - 959</subfield>
    <subfield code="a">KOYUCL</subfield>
    <subfield code="b">KOYUCL</subfield>
    <subfield code="c">BK</subfield>
    <subfield code="d">2026-01-18</subfield>
    <subfield code="l">0</subfield>
    <subfield code="o">955,05 cut-494 &#x628;</subfield>
    <subfield code="p">0000090773</subfield>
    <subfield code="r">2026-01-18</subfield>
    <subfield code="t">1</subfield>
    <subfield code="w">2026-01-18</subfield>
    <subfield code="y">Bk</subfield>
  </datafield>
</record>
